El contrato para fomento de la contratación indefinida tras el Real Decreto-Ley 10/2010, de 16 de junio, de medidas urgentes para la reforma laboral (Registro nro. 40907)
[ vista simple ]
| 000 -CABECERA | |
|---|---|
| Longitud fija campo de control | 01115naa a2200301 c 4500 |
| 001 - NÚMERO DE CONTROL | |
| Número de control | 40907 |
| 003 - IDENTIFICADOR DE NÚMERO DE CONTROL | |
| Identificador del número de control | ES-MaCES |
| 005 - FECHA Y HORA DE LA ÚLTIMA TRANSACCIÓN | |
| Fecha y hora de la última transacción | 20101111141100.0 |
| 008 - CAMPO FIJO DE DESCRIPCIÓN FIJA--INFORMACIÓN GENERAL | |
| Códigos de información de longitud fija | 101111n2010 sp t 000 | spa d |
| 035 ## - NÚMERO DE CONTROL DEL SISTEMA | |
| Número de control del sistema | CES20100012474v |
| 040 ## - FUENTE DE CATALOGACIÓN | |
| Centro catalogador de origen | ES-MaCES |
| Lengua de catalogación | spa |
| Centro transcriptor | ES-MaCES |
| 100 1# - ENCABEZAMIENTO PRINCIPAL--NOMBRE PERSONAL | |
| Nombre de persona | Luján Alcaraz, José |
| 9 (RLIN) | 17142 |
| 245 13 - MENCIÓN DE TÍTULO | |
| Título | El contrato para fomento de la contratación indefinida tras el Real Decreto-Ley 10/2010, de 16 de junio, de medidas urgentes para la reforma laboral |
| Mención de responsabilidad, etc. | José Luján Alcaraz |
| 500 ## - NOTA GENERAL | |
| Nota general | Resumen |
| 650 #4 - ASIENTO SECUNDARIO DE MATERIA--TÉRMINO DE MATERIA | |
| Término de materia o nombre geográfico como elemento inicial | España |
| 9 (RLIN) | 26964 |
| 650 #4 - ASIENTO SECUNDARIO DE MATERIA--TÉRMINO DE MATERIA | |
| Término de materia o nombre geográfico como elemento inicial | sentencia judicial |
| 9 (RLIN) | 29888 |
| 650 #4 - ASIENTO SECUNDARIO DE MATERIA--TÉRMINO DE MATERIA | |
| Término de materia o nombre geográfico como elemento inicial | procedimiento laboral |
| 9 (RLIN) | 30887 |
| 650 #4 - ASIENTO SECUNDARIO DE MATERIA--TÉRMINO DE MATERIA | |
| Término de materia o nombre geográfico como elemento inicial | legislación del trabajo |
| 9 (RLIN) | 27166 |
| 650 #4 - ASIENTO SECUNDARIO DE MATERIA--TÉRMINO DE MATERIA | |
| Término de materia o nombre geográfico como elemento inicial | negociación colectiva |
| 9 (RLIN) | 28362 |
| 650 #4 - ASIENTO SECUNDARIO DE MATERIA--TÉRMINO DE MATERIA | |
| Término de materia o nombre geográfico como elemento inicial | desempleo de larga duración |
| 9 (RLIN) | 30412 |
| 650 #4 - ASIENTO SECUNDARIO DE MATERIA--TÉRMINO DE MATERIA | |
| Término de materia o nombre geográfico como elemento inicial | fomento del empleo |
| 9 (RLIN) | 30270 |
| 650 #4 - ASIENTO SECUNDARIO DE MATERIA--TÉRMINO DE MATERIA | |
| Término de materia o nombre geográfico como elemento inicial | contrato de trabajo |
| 9 (RLIN) | 28316 |
| 653 10 - TÉRMINO DE INDEXACIÓN--NO CONTROLADO | |
| Término no controlado | Jurisprudencia |
| 773 0# - ENTRADA DE DOCUMENTO FUENTE | |
| Título | Aranzadi social |
| Parte(s) relacionada(s) | n. 7-8 (sept. 2010){10650 R. 077672}; p. 11-26 |
| Número de control del registro relacionado | (ES-MaCES)25655 |
| Itemnumber del ítem fuente | 67521 |
| 902 ## - CES. TIPO DE DOCUMENTO | |
| Tipodoc (006$c Sirtex) | ART Artículo de revista |
| 942 ## - ELEMENTOS KOHA | |
| Fuente de clasificaión o esquema | Clasificación propia del CES |
| Koha [por defecto] tipo de item | Artículos (1982-2017) |
| Parte de clasificación | 6.2. |
No hay ítems disponibles.
